Episcopal Cities of the Carolingian Empire on a Map - Statistics

General Stats
  • This quiz has been taken 297 times
    292 since last reset
  • The average score is 65 of 248
Answers on the Map
Answers color-coded by a green-red scale on the quiz's map according to % correct below.
 
Answer Stats
Episcopal See % Correct
Parisios (Paris)
99%
Burdegala (Bordeaux)
93%
Roma (Rome)
93%
Lugdunum (Lyon)
91%
Massilia (Marseille)
91%
Mediolanum (Milan)
91%
Nicia (Nice)
88%
Genua (Genoa)
87%
Colonia (Cologne)
86%
Tullum (Toul)
86%
Genava (Geneva)
85%
Taurinum (Turin)
84%
Tolosa (Toulouse)
84%
Namnetes (Nantes)
80%
Pisa
80%
Tergeste (Trieste)
80%
Barcinona (Barcelona)
77%
Vienna (Vienne)
77%
Florentia (Florence)
76%
Rothomago (Rouen)
76%
Bononia (Bologna)
74%
Aureliani (Orléans)
72%
Trecht (Utrecht)
72%
Avenio (Avignon)
71%
Redones (Rennes)
71%
Turones (Tours)
71%
Verona
71%
Remi (Reims)
70%
Strazburg (Strasbourg)
70%
Agiation (Ajaccio)
67%
Tolone (Toulon)
66%
Parma
65%
Salzburc (Salzburg)
65%
Basilia (Basel)
64%
Lausona (Lausanne)
64%
Mutina (Modena)
63%
Ravenna
63%
Patavium (Padua)
62%
Brema (Bremen)
61%
Tridentum (Trento)
61%
Mettis (Metz)
60%
Luca (Lucca)
57%
Mogontia (Mainz)
57%
Augusburuc (Augsburg)
56%
Gratianopolis (Grenoble)
55%
Leodium (Liège)
55%
Sena (Siena)
55%
Andegavis (Angers)
53%
Treveris (Trier)
53%
Bergamum (Bergamo)
51%
Ambianis (Amiens)
49%
Ancona
49%
Ferraria (Ferrara)
49%
Narbona (Narbonne)
49%
Nemausus (Nîmes)
49%
Pictavis (Poitiers)
49%
Reganesburc (Regensburg)
49%
Brixia (Brescia)
48%
Arvernum (Clermont-Ferrand)
45%
Constantia (Konstanz)
45%
Ariminium (Rimini)
43%
Carcassona (Carcassonne)
43%
Hlemanes (Le Mans)
43%
Lemovici (Limoges)
43%
Perusia (Perugia)
43%
Comum (Como)
42%
Gerunda (Girona)
42%
Civitas Aquilonia (Quimper)
40%
Besontio (Besançon)
39%
Arelate (Arles)
38%
Augusta (Aosta)
38%
Regium (Reggio Emilia)
37%
Warmatia (Worms)
36%
Aquae (Aix-en-Provence)
35%
Lapurdum (Bayonne)
35%
Trecas (Troyes)
35%
Papia (Pavia)
34%
Betorigas (Bourges)
32%
Placentia (Piacenza)
32%
Tarvisium (Treviso)
32%
Cremona
30%
Virdunum (Verdun)
30%
Wirziburg (Würzburg)
30%
Passawa (Passau)
29%
Vicentia (Vicenza)
29%
Asta (Asti)
27%
Biterra (Béziers)
27%
Forum Livii (Forlì)
27%
Osnabrugga (Osnabrück)
27%
Urbinum (Urbino)
27%
Aretium (Arezzo)
26%
Autesiodorum (Auxerre)
26%
Veneda (Vannes)
26%
Arausio (Orange)
25%
Aquileia
24%
Carnotis (Chartres)
24%
Spira (Speyer)
24%
Albigae (Albi)
23%
Nivernum (Nevers)
23%
Valentia (Valence)
23%
Cameracus (Cambrai)
21%
Curia (Chur)
21%
Saona (Savona)
21%
Senones (Sens)
21%
Orgellis (La Seu d'Urgell)
20%
Paderbrunno (Paderborn)
20%
Imolae (Imola)
19%
Baiocas (Bayeux)
18%
Caesena (Cesena)
18%
Ecolisina (Angoulême)
18%
Novaria (Novara)
18%
Spoletium (Spoleto)
18%
Suessiones (Soissons)
18%
Cabilo (Chalon-sur-Saône)
17%
Laudunum (Laon)
17%
Pistoria (Pistoia)
17%
Antipolis (Antibes)
16%
Vapicum (Gap)
16%
Aginnum (Agen)
15%
Centrumcellae (Civitavecchia)
15%
Ebroica (Évreux)
15%
Lauda (Lodi)
15%
Pisarum (Pesaro)
15%
Portus (Fiumicino)
15%
Santonae (Saintes)
15%
Assisium (Assisi)
14%
Bellovacus (Beauvais)
13%
Petragorica (Périgueux)
13%
Sedunum (Sion)
13%
Alba
12%
Alba Helvorium (Alba-la-Romaine)
12%
Dia (Die)
12%
Forum Iulii (Fréjus)
12%
Reate (Rieti)
12%
Turba (Tarbes)
12%
Abrincatae (Avranches)
11%
Ausci (Auch)
11%
Bellunum (Belluno)
11%
Catalaunicum (Châlons-en-Champagne)
11%
Faventia (Faenza)
11%
Frisinga (Freising)
11%
Rutenica (Rodez)
11%
Vintimilia (Ventimiglia)
11%
Asculum (Ascoli Piceno)
10%
Augustidunum (Autun)
10%
Cadurcia (Cahors)
10%
Dinia (Digne-les-Bains)
10%
Lixovium (Lisieux)
10%
Madascona (Mâcon)
10%
Teate (Chieti)
10%
Tiburis (Tivoli)
10%
Urbs Vetus (Orvieto)
10%
Vercellae (Vercelli)
10%
Carpentorate (Carpentras)
9%
Dolus (Dol-de-Bretagne)
9%
Firmum (Fermo)
9%
Volaterra (Volterra)
9%
Alalia (Aléria)
8%
Albinganum (Albenga)
8%
Callium (Cagli)
8%
Constantia (Coutances)
8%
Tungrorum (Tongeren)
8%
Agatha (Agde)
7%
Eporedia (Ivrea)
7%
Fanum (Fano)
7%
Lingonis (Langres)
7%
Meldis (Meaux)
7%
Memmatia (Mende)
7%
Oppidum Pauli (Saint-Pol-de-Léon)
7%
Teramne (Teramo)
7%
Cabellio (Cavaillon)
6%
Esium (Jesi)
6%
Noviomus (Noyon)
6%
Segisterico (Sisteron)
6%
Selnectis (Senlis)
6%
Aquae (Acqui Terme)
5%
Camerinum (Camerino)
5%
Ebredunum (Embrun)
5%
Eistet (Eichstätt)
5%
Elena (Elne)
5%
Lodove (Lodève)
5%
Senogallia (Senigallia)
5%
Tricastrinorum (Saint-Paul-Trois-Châteaux)
5%
Adria
4%
Apta (Apt)
4%
Atura (Aire-sur-l'Adour)
4%
Benarnum (Lescar)
4%
Clusium (Chiusi)
4%
Convenae (Saint-Bertrand-de-Comminges)
4%
Eugubium (Gubbio)
4%
Fesula (Fiesole)
4%
Fulginium (Foligno)
4%
Iluro (Oloron-Sainte-Marie)
4%
Lactora (Lectoure)
4%
Luni (Luna)
4%
Nuvuinburc (Neuburg an der Donau)
4%
Sagium (Sées)
4%
Tertona (Tortona)
4%
Ucetia (Uzès)
4%
Vasio (Vaison-la-Romaine)
4%
Avidianum (Avezzano)
3%
Ceneda (Vittorio Veneto)
3%
Elsa (Eauze)
3%
Vasatae (Bazas)
3%
Velitrae (Velletri)
3%
Acelum (Asolo)
2%
Alatrum (Alatri)
2%
Aleta (Saint-Servan)
2%
Ameria (Amelia)
2%
Anagnia (Anagni)
2%
Anitium (Le Puy-en-Velay)
2%
Auximum (Osimo)
2%
Civitas Castelli (Città di Castello)
2%
Comiacium (Comacchio)
2%
Glanateva (Entrevaux)
2%
Maurienna (Saint-Jean-de-Maurienne)
2%
Narnia (Narni)
2%
Penna (Penne)
2%
Populonium (Populonia)
2%
Praeneste (Palestrina)
2%
Reii (Riez)
2%
Sabiona
2%
Sarsina
2%
Sulmo (Sulmona)
2%
Sura (Sora)
2%
Tarracina (Terracina)
2%
Tarvenna (Thérouanne)
2%
Tudertum (Todi)
2%
Tusculum (Frascati)
2%
Vincia (Vence)
2%
Vivarias (Viviers)
2%
Beleis (Belley)
1%
Concordia (Concordia Sagittaria)
1%
Consoranorum (Saint-Lozier)
1%
Forum Novum (Torri in Sabina)
1%
Forum Sempronii (Fossombrone)
1%
Humana (Numana)
1%
Nursia (Norcia)
1%
Petina (Pićan)
1%
Pinna Billorum (Pennabilli)
1%
Privernum (Priverno)
1%
Rusellae (Roselle)
1%
Senacia (Senez)
1%
Signia (Segni)
1%
Tarantasia (Moûtiers)
1%
Tolentinum (Tolentino)
1%
Valva (Corfinio)
1%
Verulae (Veroli)
1%
No matching quizzes found
Score Distribution
Percent of People with Each Score
Percentile by Number Answered
Your Score History
You have not taken this quiz since the last reset